000 00447nam a22001817a 4500
003 OSt
005 20260320112625.0
008 260319b |||||||| |||| 00| 0 Pnj
020 _a978811983158
040 _aBGL
_cBGL
082 _a891.421 RAM:G
100 _aਕੇਸਰਾ ਰਾਮ
245 _aਗੁੱਡੋ (ਨਾਵਲ)
260 _aNew Delhi
_bNavyug Publication
_c2024
300 _a250p
650 _aPunjabi
942 _2ddc
_cGB
999 _c44312
_d44312